| 000 | 00555nam a2200217 a 4500 | ||
|---|---|---|---|
| 001 | BRCA_3612 | ||
| 005 | 20190320204343.0 | ||
| 008 | 120809s196?----gw-a---###---#000-0#ger-# | ||
| 041 | _ager | ||
| 044 | _agw | ||
| 050 | 4 |
_aNK2270 _b.G73 1960 |
|
| 100 | 1 |
_aGradmann, Erwin _99369 |
|
| 245 | 1 | 0 |
_aMöbelstilkunde _cErwin Gradmann. |
| 260 |
_aBer _bHallwag _c[1960] |
||
| 300 |
_a64 p. _bil., 118 láminas _c16 cm. |
||
| 440 | 0 |
_aHallwag-Taschenbucher _v20 _99370 |
|
| 500 | _aB282 | ||
| 650 | 1 | 4 |
_aMuebles _xHistoria _94173 |
| 902 | _aGFM | ||
| 942 |
_2lcc _cB |
||
| 999 |
_c3347 _d3347 |
||